Federal estate and gift taxation

Bibliographic Details
Main Author: Stephens, Richard B.
Other Authors: Lind , Stephen A., Maxfield, Guy B.
Format: Book
Published: Boston : Warren, Gorham & Lamont , 1974
Edition:3rd ed.
Subjects:

MARC

LEADER 00000cam a2200000 7i4500
001 0000009195
005 20160810.0
040 |a INS 
090 0 0 |a KF6572   |b S7 1974 
100 0 |a Stephens, Richard B. 
245 0 0 |a Federal estate and gift taxation   |c by Richard B. Stephens, Guy B. Maxfield, and Stephen A. Lind 
250 |a 3rd ed. 
260 |a Boston :   |b Warren, Gorham & Lamont ,   |c 1974 
300 |a v p. :   |b ill ;   |c 23 cm. 
504 |a Includes bibliographical references 
650 0 |a Gifts   |x Taxation   |x Law and legislation   |z United States 
650 0 |a Inheritance and transfer tax   |x Law and legislation   |z United States 
650 0 0 |a Real property and taxation   |z United states 
700 1 |a Lind , Stephen A. 
700 1 |a Maxfield, Guy B. 
999 |a 0000022051   |b BOOK   |c Open Shelf   |e Default branch